| 000 | 01079nam a22003137a 4500 | ||
|---|---|---|---|
| 003 | CHAP | ||
| 005 | 20220329143118.0 | ||
| 008 | 060428d2004 mx abd r 00110 spa d | ||
| 010 | _a92098 | ||
| 011 | _a93070 | ||
| 020 | _a9685868034 | ||
| 035 | _a103641 | ||
| 040 | _cCHAP | ||
| 082 | 0 | 4 |
_a301.15 _bA7 |
| 100 | 1 |
_aArciga Bernal, Salvador _e, ed. _96816 |
|
| 245 | 1 | 0 |
_aDel pensamiento social a la particpación: _bestudios de psicología social en México _c/por Salvador Arciga Bernal |
| 260 |
_aMéxico, D. F. : _bSociedad Mexicana de Psicología Social, _c2004 |
||
| 300 |
_a399 p. : _bilus. ; gráfs. ; mapas ; cuadros |
||
| 590 |
_aBATCH-UPD _b10 _c20130110 _lUCH01 _h0729 |
||
| 590 |
_aBATCH-UPD _b10 _c20130410 _lUCH01 _h0412 |
||
| 590 |
_aBATCH-UPD _b10 _c20130914 _lUCH01 _h1945 |
||
| 590 |
_aCONVERSION _b10 _c20130109 _lUCH01 _h1351 |
||
| 650 | 1 | 4 |
_aPsicología social. _992616 |
| 650 | 1 | 4 |
_aPsicología _xHistoria. _992603 |
| 901 | _aBK | ||
| 905 | _aMarco A. Mendoza T. | ||
| 942 | _cLIBRO | ||
| 949 |
_a301.15 A7 _bBC _cLIBRO _d33724000999157 _eLIBRO _h107981 _i103641 _sb |
||
| 999 |
_c92098 _d92098 |
||